000 00623nam a2200193Ia 4500
001 43649
008 140425s9999 xx 000 0 und d
020 _aNA
040 _cPK-LaUMT
082 _aRHC 297.86
_bASA-Q
100 _aAsaim Rasheed, Muhammad
245 _aQaadiyaniyyat per Iqbal ki tahreeron ki tadveen (M Phil Programme] (Urdu)
_cAsaim Rasheed, Muhammad
260 _aIslamabad,Pakistan:
_bAllama Iqbal Open University,
_c1995
300 _a261 p.
500 _aReport presented in partial requirement for M Phil degree Advisor: Raiz ul Hasan Gilani
546 _aUR
650 _aAhmadiyya
942 _cBK
999 _c41650
_d41650